LDR 01034nam a2200253 i 4500 001 000000139980 003 CaOOAMICUS 005 20260327090253.0 008 050606s1978 it u000 u ita u 013 $a114172 040 $aSeMil$bita 240 10$aEssais et témoignages : Albert Béguin.$0(OLS)http://semarc/title/204507 245 10$aGuida alla lettura di Albert Béguin :$bsaggi e testimonianze. 260 $aRoma :$bCinque Lune,$c1978. 300 $a300 p. ;$c18 cm. 490 0 $aOrientamenti : collana universale economica ;$v46 600 14$aBéguin, Albert <1901-1957>.$0(OLS)http://semarc/subject/20022 830 0$aOrientamenti ;$v46.$0(OLS)http://semarc/title/4350 850 $aSeMil 852 $aSeMil$W1$xVenegono$y1$m3N I 482$j93367$B93367$CSeMilBibl$Z2$F98761 $81 961 $aOmaggio: Altro 996 $6245$aGuida alla lettura di Albert Béguin :$bsaggi e testimonianze$9(OLS)http://semarc/title/204506 996 $6260$aRoma :$bCinque Lune$9(OLS)http://semarc/publisher/31289